[Event "Vesterhav"]
[Site "Esbjerg"]
[Date "2008.07.16"]
[Round "8"]
[White "Porsgaard, Per Lykke"]
[Black "Prohl, Frank"]
[Result "0-1"]
[WhiteElo "1248"]
[BlackElo "1226"]
[PlyCount "62"]
[EventDate "2008.07.11"]
[EventType "swiss"]
[EventRounds "10"]
[EventCountry "DEN"]
[Source "ChessBase"]
[SourceDate "2008.09.01"]

1. d4 d5 2. c4 Nf6 3. cxd5 Nxd5 4. e4 Nf6 5. e5 Nd5 6. Nc3 c6 7. Nf3 Bg4 8. Be2
h6 9. O-O e6 10. Ne4 Be7 11. b3 O-O 12. a4 a5 13. h3 Bxf3 14. Bxf3 Na6 15. Bh5
f5 16. exf6 Nxf6 17. Re1 Nxe4 18. Rxe4 Qd5 19. Qg4 Rf6 20. Bg6 Kh8 21. Bf4 Raf8
22. Be5 Rxf2 23. Bxg7+ Kxg7 24. Bf5+ Bg5 25. Bxe6 Qd8 26. h4 R8f4 27. Rxf4 Rxf4
28. Qd1 Rxd4 29. Qh5 Rxh4 30. Qf7+ Kh8 31. Qf5 Qd4+ 0-1

[Event "Vesterhav"]
[Site "Esbjerg"]
[Date "2008.07.16"]
[Round "8"]
[White "Rendboe, John Filip"]
[Black "Poulsen, Iver"]
[Result "1/2-1/2"]
[WhiteElo "2234"]
[BlackElo "2147"]
[PlyCount "46"]
[EventDate "2008.07.11"]
[EventType "swiss"]
[EventRounds "10"]
[EventCountry "DEN"]
[Source "ChessBase"]
[SourceDate "2008.09.01"]

1. d4 d5 2. c4 e6 3. Nc3 c6 4. cxd5 exd5 5. Qc2 Bd6 6. Nf3 Ne7 7. e3 Bf5 8. Bd3
Bxd3 9. Qxd3 Nd7 10. O-O O-O 11. Rb1 a5 12. a3 f5 13. Bd2 Ng6 14. Ne2 f4 15.
exf4 Nxf4 16. Nxf4 Bxf4 17. Rbe1 Nb6 18. Bxf4 Rxf4 19. Ne5 Nc8 20. Qh3 Rf6 21.
Re3 Nd6 22. Qg4 Qc8 23. Qxc8+ Rxc8 1/2-1/2

[Event "Vesterhav"]
[Site "Esbjerg"]
[Date "2008.07.16"]
[Round "8"]
[White "Skaanning Pedersen, Kim Henrik"]
[Black "Jensby, Morten"]
[Result "1-0"]
[WhiteElo "2173"]
[BlackElo "2021"]
[PlyCount "93"]
[EventDate "2008.07.11"]
[EventType "swiss"]
[EventRounds "10"]
[EventCountry "DEN"]
[Source "ChessBase"]
[SourceDate "2008.09.01"]

1. e4 c5 2. Nf3 Nc6 3. d4 cxd4 4. Nxd4 Nf6 5. Nc3 e5 6. Ndb5 d6 7. Bg5 a6 8.
Na3 b5 9. Bxf6 gxf6 10. Nd5 f5 11. g3 Bg7 12. Bg2 O-O 13. exf5 Bxf5 14. Ne3 Ne7
15. Nxf5 Nxf5 16. c3 Rb8 17. Nc2 a5 18. Qd3 Ne7 19. Rd1 Rb6 20. O-O f5 21. f4
e4 22. Qd2 Qc8 23. a3 d5 24. Bh3 Rd6 25. Rfe1 b4 26. axb4 axb4 27. Nxb4 Qc5+
28. Qf2 d4 29. Nc2 e3 30. Qe2 dxc3 31. bxc3 Nd5 32. Rc1 Re8 33. Bf1 Rc6 34. Kg2
Bxc3 35. Red1 Re4 36. Ne1 Nxf4+ 37. gxf4 Rxf4 38. Nf3 Qe7 39. Rd3 Rg6+ 40. Kh1
Bd2 41. Rc8+ Kg7 42. Rcd8 Qe4 43. Bg2 Qc6 44. Nxd2 Qc1+ 45. Nf1 Rfg4 46. R3d7+
Kh6 47. Qxe3+ 1-0

[Event "Vesterhav"]
[Site "Esbjerg"]
[Date "2008.07.16"]
[Round "8"]
[White "Spirin, Oleg"]
[Black "Andersen, Morten"]
[Result "1-0"]
[WhiteElo "2446"]
[BlackElo "2185"]
[PlyCount "83"]
[EventDate "2008.07.11"]
[EventType "swiss"]
[EventRounds "10"]
[EventCountry "DEN"]
[Source "ChessBase"]
[SourceDate "2008.09.01"]

1. d4 Nf6 2. c4 e6 3. Nc3 Bb4 4. e3 c5 5. a3 Bxc3+ 6. bxc3 O-O 7. Bd3 d5 8.
cxd5 exd5 9. Ne2 Re8 10. f3 b6 11. O-O Bb7 12. Ng3 Ba6 13. Bxa6 Nxa6 14. Qd3 c4
15. Qc2 Nc7 16. e4 Nd7 17. Bd2 f6 18. Rae1 b5 19. Nf5 a5 20. Bf4 Ne6 21. Bg3
Nb6 22. Nd6 Re7 23. Nxb5 a4 24. Nd6 Nc7 25. Rb1 Ne8 26. Nf5 Re6 27. Rb4 g6 28.
Nh6+ Kg7 29. Ng4 h5 30. Ne3 Qe7 31. Rfb1 Ra6 32. Kf1 h4 33. Bxh4 dxe4 34. f4
Qd6 35. f5 Re7 36. Bg3 Qc6 37. fxg6 Kxg6 38. Qf2 Ng7 39. Rb5 Rd7 40. Rc5 Qe6
41. Rbb5 f5 42. d5 1-0

[Event "Vesterhav"]
[Site "Esbjerg"]
[Date "2008.07.16"]
[Round "8"]
[White "Stubsgaard, Aske Lynge"]
[Black "Sande Caceres, Cipriano"]
[Result "1-0"]
[WhiteElo "1061"]
[BlackElo "1792"]
[PlyCount "125"]
[EventDate "2008.07.11"]
[EventType "swiss"]
[EventRounds "10"]
[EventCountry "DEN"]
[Source "ChessBase"]
[SourceDate "2008.09.01"]

1. c4 Nf6 2. g3 e5 3. Bg2 c6 4. Nc3 d6 5. e3 Be6 6. d3 Be7 7. Nge2 Qd7 8. O-O
Bh3 9. b3 Bxg2 10. Kxg2 h5 11. Rh1 g5 12. h3 Na6 13. e4 Rg8 14. Be3 g4 15. h4
d5 16. cxd5 cxd5 17. Bg5 Nc7 18. Bxf6 Bxf6 19. Rc1 d4 20. Na4 b6 21. Nb2 Be7
22. Nc4 f6 23. b4 Kf7 24. Qb3 Kg7 25. a3 Rgc8 26. Rhf1 Na6 27. f4 gxf3+ 28.
Rxf3 Qe6 29. Qb2 Rg8 30. Rf5 Rh8 31. Nd2 Rh6 32. Qc2 Rd8 33. Qa4 Qa2 34. Rc2 b5
35. Qb3 Qxb3 36. Nxb3 Rd6 37. Na5 Rd7 38. Rc6 Nb8 39. Rc8 Bd6 40. Nc1 Rc7 41.
Rxc7+ Bxc7 42. Ncb3 Bd6 43. Nb7 Be7 44. N3c5 Kf7 45. Rf2 Rh8 46. Nb3 Rc8 47.
N7c5 a5 48. Nxa5 Bxc5 49. Rc2 Nd7 50. Nb7 Ra8 51. Nxc5 Nxc5 52. bxc5 Ke7 53. c6
Kd6 54. c7 Rc8 55. Kf3 Kd7 56. g4 hxg4+ 57. Kxg4 Rg8+ 58. Kf5 Kc8 59. Kxf6 Re8
60. h5 Rh8 61. Rh2 Re8 62. h6 Kd7 63. h7 1-0

[Event "Vesterhav"]
[Site "Esbjerg"]
[Date "2008.07.16"]
[Round "8"]
[White "Svane, Henrik"]
[Black "Nordin, Eric"]
[Result "1/2-1/2"]
[WhiteElo "2150"]
[BlackElo "1991"]
[PlyCount "39"]
[EventDate "2008.07.11"]
[EventType "swiss"]
[EventRounds "10"]
[EventCountry "DEN"]
[Source "ChessBase"]
[SourceDate "2008.09.01"]

1. d4 Nf6 2. c4 c5 3. d5 b5 4. cxb5 a6 5. bxa6 g6 6. Nc3 Bxa6 7. Nf3 Bg7 8. g3
d6 9. Bg2 Nbd7 10. Rb1 Nb6 11. b3 Qc7 12. O-O Qb7 13. Nh4 O-O 14. Bb2 Rfb8 15.
Re1 Ng4 16. h3 Ne5 17. Qd2 Nec4 18. bxc4 Nxc4 19. Bc1 Bxc3 20. Rxb7 1/2-1/2

[Event "Vesterhav"]
[Site "Esbjerg"]
[Date "2008.07.16"]
[Round "8"]
[White "Trarup, Jorgen"]
[Black "Nielsen, Thomas (1994)"]
[Result "1-0"]
[WhiteElo "1784"]
[BlackElo "1084"]
[PlyCount "85"]
[EventDate "2008.07.11"]
[EventType "swiss"]
[EventRounds "10"]
[EventCountry "DEN"]
[Source "ChessBase"]
[SourceDate "2008.09.01"]

1. e4 d6 2. d4 f5 3. exf5 Bxf5 4. Bd3 Be6 5. Nc3 Nf6 6. Nf3 Nc6 7. O-O Qd7 8.
Re1 O-O-O 9. Ng5 Nxd4 10. Be3 h6 11. Bxd4 hxg5 12. Bb5 c6 13. Ba4 b5 14. Bb3
Bc4 15. Bxa7 Qxa7 16. Bxc4 bxc4 17. Qf3 d5 18. Qf5+ Qd7 19. Qxg5 Ne4 20. Nxe4
dxe4 21. Qa5 Qb7 22. Qf5+ e6 23. Qxe6+ Qd7 24. Qxc4 Re8 25. Rxe4 Rxe4 26. Qxe4
Bd6 27. g3 Re8 28. Qf3 Be5 29. Rd1 Qc7 30. Re1 Rd8 31. Qf5+ Qd7 32. Qxe5 Qd2
33. Qe2 Qd4 34. c3 Qd7 35. Qe6 Qxe6 36. Rxe6 Kc7 37. Re7+ Kb6 38. Rxg7 Rd2 39.
h4 Rxb2 40. h5 Rxa2 41. h6 Kc5 42. h7 Kc4 43. h8=Q 1-0

[Event "Vesterhav"]
[Site "Esbjerg"]
[Date "2008.07.16"]
[Round "8"]
[White "Voss, Janine"]
[Black "Munksgaard, Dennis"]
[Result "1/2-1/2"]
[WhiteElo "1832"]
[BlackElo "2022"]
[PlyCount "40"]
[EventDate "2008.07.11"]
[EventType "swiss"]
[EventRounds "10"]
[EventCountry "DEN"]
[Source "ChessBase"]
[SourceDate "2008.09.01"]

1. e4 e5 2. Nf3 Nc6 3. d4 exd4 4. Nxd4 Bc5 5. Be3 Qf6 6. c3 Nge7 7. Bc4 a6 8.
O-O O-O 9. Kh1 b5 10. Bb3 Bb7 11. Ne6 fxe6 12. Bxc5 d6 13. Be3 Ne5 14. Nd2 c5
15. f4 Nd3 16. Qb1 c4 17. Bc2 Qg6 18. Bxd3 cxd3 19. Qxd3 Nf5 20. Bb6 Nh4
1/2-1/2

[Event "Vesterhav"]
[Site "Esbjerg"]
[Date "2008.07.16"]
[Round "8"]
[White "Vul, Arkadi Eremeevich"]
[Black "Ovsejevitsch, Sergei"]
[Result "1/2-1/2"]
[WhiteElo "2332"]
[BlackElo "2582"]
[PlyCount "32"]
[EventDate "2008.07.11"]
[EventType "swiss"]
[EventRounds "10"]
[EventCountry "DEN"]
[Source "ChessBase"]
[SourceDate "2008.09.01"]

1. Nf3 Nf6 2. c4 e6 3. Nc3 d5 4. d4 Be7 5. Bf4 O-O 6. e3 b6 7. cxd5 Nxd5 8.
Nxd5 exd5 9. Rc1 c5 10. Be2 Nc6 11. dxc5 bxc5 12. O-O Be6 13. Ne5 Nxe5 14. Bxe5
Rc8 15. Qa4 Qb6 16. b3 Rfd8 1/2-1/2

[Event "Vesterhav"]
[Site "Esbjerg"]
[Date "2008.07.16"]
[Round "8"]
[White "Zachariassen, John"]
[Black "Jacobsen, Mads Holger Bang"]
[Result "1-0"]
[WhiteElo "1949"]
[BlackElo "1831"]
[PlyCount "81"]
[EventDate "2008.07.11"]
[EventType "swiss"]
[EventRounds "10"]
[EventCountry "DEN"]
[Source "ChessBase"]
[SourceDate "2008.09.01"]

1. b3 d5 2. Bb2 e6 3. Nf3 Nf6 4. e3 c5 5. Ne5 a6 6. d3 Be7 7. Nd2 O-O 8. f4
Nfd7 9. Ndf3 f6 10. Ng4 Nc6 11. Qd2 b5 12. Be2 Qc7 13. O-O e5 14. Nf2 d4 15. f5
Nb6 16. e4 b4 17. g4 Kh8 18. h4 Rg8 19. Kh1 Bf8 20. g5 Ne7 21. Rg1 Bxf5 22.
exf5 Nxf5 23. Ne4 Be7 24. Bf1 Nd5 25. Bh3 Nfe3 26. Qh2 f5 27. Nxe5 g6 28. Bc1
fxe4 29. dxe4 Bd6 30. Qe2 Bxe5 31. exd5 d3 32. Qxd3 Bxa1 33. Bxe3 Be5 34. Be6
Rgf8 35. Qe4 Bd6 36. h5 gxh5 37. g6 hxg6 38. Rxg6 Rf7 39. Qh4 Rh7 40. Qf6+ Rg7
41. Rh6# 1-0

[Event "Vesterhav"]
[Site "Esbjerg"]
[Date "2008.07.16"]
[Round "8"]
[White "Zyde, Fadmal"]
[Black "Hoffmann, Tobias Breinholt"]
[Result "0-1"]
[WhiteElo "1659"]
[BlackElo "2034"]
[PlyCount "76"]
[EventDate "2008.07.11"]
[EventType "swiss"]
[EventRounds "10"]
[EventCountry "DEN"]
[Source "ChessBase"]
[SourceDate "2008.09.01"]

1. d4 Nf6 2. Nc3 d5 3. Bg5 Bf5 4. Bxf6 gxf6 5. Nf3 Nc6 6. Nh4 Bg4 7. h3 Bh5 8.
f4 f5 9. Qd3 e6 10. g3 Bg7 11. e3 Bf6 12. Ng2 Bf3 13. Kf2 Be4 14. Nxe4 fxe4 15.
Qb5 Qd7 16. Qa4 O-O 17. Bb5 a6 18. Bxc6 bxc6 19. c3 Rfb8 20. Rab1 Qd6 21. Qd1
c5 22. dxc5 Qxc5 23. Qg4+ Kh8 24. Qh5 Qe7 25. g4 Bg7 26. g5 f5 27. h4 c5 28.
Qd1 d4 29. cxd4 cxd4 30. exd4 Qd6 31. Kg3 Rb4 32. Re1 Rxd4 33. Qc1 Rd8 34. b3
e5 35. fxe5 Bxe5+ 36. Kh3 f4 37. h5 Qe6+ 38. Kh4 e3 0-1

[Event "Vesterhav"]
[Site "Esbjerg"]
[Date "2008.07.17"]
[Round "9"]
[White "Andersen, Jackie"]
[Black "Grove, Peter"]
[Result "1/2-1/2"]
[WhiteElo "2300"]
[BlackElo "2109"]
[PlyCount "29"]
[EventDate "2008.07.11"]
[EventType "swiss"]
[EventRounds "10"]
[EventCountry "DEN"]
[Source "ChessBase"]
[SourceDate "2008.09.01"]

1. Nf3 Nf6 2. d4 c5 3. c3 cxd4 4. cxd4 d5 5. Nc3 Nc6 6. a3 Bf5 7. Ne5 e6 8. Qb3
Qb6 9. Qxb6 axb6 10. e3 Nd7 11. Nxd7 Kxd7 12. Bb5 Bd6 13. Bd2 Bc2 14. Ke2 Bb3
15. Rac1 1/2-1/2

[Event "Vesterhav"]
[Site "Esbjerg"]
[Date "2008.07.17"]
[Round "9"]
[White "Andersen, Mads"]
[Black "Fries Nielsen, Jens Ove"]
[Result "0-1"]
[WhiteElo "2092"]
[BlackElo "2397"]
[PlyCount "64"]
[EventDate "2008.07.11"]
[EventType "swiss"]
[EventRounds "10"]
[EventCountry "DEN"]
[Source "ChessBase"]
[SourceDate "2008.09.01"]

1. e4 g6 2. d4 Bg7 3. Nc3 Nc6 4. d5 Nb8 5. h4 h5 6. Bg5 d6 7. Qd2 c6 8. dxc6
Nxc6 9. Bc4 Bd7 10. Nge2 Rc8 11. Bd5 Nf6 12. O-O-O Qb6 13. Be3 Qa6 14. Bxc6
Bxc6 15. f3 b5 16. Qd4 O-O 17. Qb4 Bd7 18. Qa3 Qxa3 19. bxa3 a5 20. Nd5 Nxd5
21. Rxd5 Be6 22. Rdd1 Bxa2 23. Bd4 Bb3 24. Rd2 Bh6 25. f4 Bc4 26. g3 e5 27. Be3
Rc6 28. Re1 Rfc8 29. Ng1 Bg7 30. Red1 exf4 31. gxf4 Bb3 32. Bd4 Bxc2 0-1

[Event "Vesterhav"]
[Site "Esbjerg"]
[Date "2008.07.17"]
[Round "9"]
[White "Andersen, Morten"]
[Black "Nielsen, Lasse Simoni"]
[Result "1-0"]
[WhiteElo "2185"]
[BlackElo "1888"]
[PlyCount "71"]
[EventDate "2008.07.11"]
[EventType "swiss"]
[EventRounds "10"]
[EventCountry "DEN"]
[Source "ChessBase"]
[SourceDate "2008.09.01"]

1. d4 Nf6 2. c4 g6 3. Nc3 Bg7 4. e4 d6 5. f3 O-O 6. Bg5 Nc6 7. d5 Ne5 8. Qd2 c6
9. f4 Ned7 10. O-O-O Qc7 11. Bd3 Rb8 12. Kb1 a5 13. Nf3 Nc5 14. Rc1 Nxd3 15.
Qxd3 Nd7 16. Qd2 Nc5 17. Nd4 Re8 18. f5 Qb6 19. Be3 a4 20. g4 Qb4 21. Rhd1 cxd5
22. cxd5 Bd7 23. h4 b5 24. h5 Qa5 25. hxg6 hxg6 26. Rh1 b4 27. Qh2 e5 28. fxe6
bxc3 29. exf7+ Kxf7 30. Rcf1+ Bf5 31. Rxf5+ gxf5 32. Qh5+ Kg8 33. Qh7+ Kf8 34.
Qxf5+ Kg8 35. Qh7+ Kf8 36. Rf1+ 1-0

[Event "Vesterhav"]
[Site "Esbjerg"]
[Date "2008.07.17"]
[Round "9"]
[White "Andersen, Vagn Skov"]
[Black "Sande Caceres, Cipriano"]
[Result "0-1"]
[WhiteElo "1778"]
[BlackElo "1792"]
[PlyCount "132"]
[EventDate "2008.07.11"]
[EventType "swiss"]
[EventRounds "10"]
[EventCountry "DEN"]
[Source "ChessBase"]
[SourceDate "2008.09.01"]

1. c4 e5 2. Nc3 Nf6 3. g3 c6 4. e4 d6 5. Bg2 Be6 6. d3 Be7 7. Nge2 O-O 8. O-O
Nbd7 9. Rb1 Nb6 10. f4 exf4 11. Nxf4 Bg4 12. Qe1 Nh5 13. h3 Nxf4 14. Bxf4 Be6
15. b3 Nd7 16. d4 Nf6 17. Qe2 Qa5 18. Rbc1 Nh5 19. d5 Nxf4 20. gxf4 Bd7 21. Rf3
Rae8 22. Kh2 Bf6 23. Qf2 c5 24. e5 dxe5 25. Ne4 Bd8 26. Nxc5 Bc8 27. Ne4 f5 28.
Nd6 e4 29. Rg3 Bf6 30. Nxe8 Rxe8 31. Re3 Bd4 32. Rc2 Qc5 33. Rce2 Bxe3 34. Qxe3
Qxe3 35. Rxe3 b6 36. b4 Rd8 37. Bf1 Kf8 38. Be2 Kf7 39. Bd1 Kf6 40. h4 h6 41.
h5 Bd7 42. d6 Ke6 43. c5 bxc5 44. bxc5 Kd5 45. Rc3 Bc6 46. Be2 Kd4 47. Ra3 Kxc5
48. Rxa7 Rxd6 49. Kg3 Bd7 50. a4 Kd5 51. Kf2 e3+ 52. Kg3 g5 53. hxg6 Rxg6+ 54.
Kh2 Rd6 55. Rc7 Ke4 56. Rc4+ Rd4 57. Bf3+ Kd3 58. Be2+ Kxe2 59. Rxd4 Bc6 60.
Rc4 Be4 61. a5 Kd2 62. Rd4+ Kc3 63. Ra4 e2 64. Ra3+ Kd2 65. Ra2+ Bc2 66. Ra1
e1=Q 0-1

[Event "Vesterhav"]
[Site "Esbjerg"]
[Date "2008.07.17"]
[Round "9"]
[White "Bach, Matthias"]
[Black "Flindt, Thomas"]
[Result "1-0"]
[WhiteElo "2272"]
[BlackElo "2166"]
[PlyCount "65"]
[EventDate "2008.07.11"]
[EventType "swiss"]
[EventRounds "10"]
[EventCountry "DEN"]
[Source "ChessBase"]
[SourceDate "2008.09.01"]

1. b4 d5 2. Bb2 Nf6 3. e3 Bf5 4. f4 e6 5. b5 c5 6. Nf3 Nbd7 7. a4 Ne4 8. d3 Nd6
9. Be2 Be7 10. O-O f6 11. Nbd2 Rc8 12. e4 dxe4 13. dxe4 Nxe4 14. Nxe4 Bxe4 15.
Bc4 Nf8 16. Qe2 Bd5 17. Rad1 Qd6 18. Rfe1 Rc7 19. f5 Bxc4 20. Qxc4 Qb6 21. Bc3
Rd7 22. Qg4 Rxd1 23. Rxd1 Kf7 24. Qh5+ g6 25. fxg6+ Nxg6 26. Ng5+ Kg7 27. a5
Qxb5 28. Nxe6+ Kg8 29. Qh6 Kf7 30. Ng5+ fxg5 31. Bxh8 Nxh8 32. Qxh7+ Ke6 33.
Re1+ 1-0

[Event "Vesterhav"]
[Site "Esbjerg"]
[Date "2008.07.17"]
[Round "9"]
[White "Carlstedt, Jonathan"]
[Black "Lindestrom, Torsten"]
[Result "1-0"]
[WhiteElo "2203"]
[BlackElo "2259"]
[PlyCount "59"]
[EventDate "2008.07.11"]
[EventType "swiss"]
[EventRounds "10"]
[EventCountry "DEN"]
[Source "ChessBase"]
[SourceDate "2008.09.01"]

1. c4 f5 2. g3 Nf6 3. Bg2 g6 4. Nc3 Bg7 5. e3 O-O 6. Nge2 d6 7. d3 Nc6 8. Rb1
e5 9. b4 a6 10. a4 Ne7 11. f4 c6 12. O-O Be6 13. a5 Qc7 14. Bb2 Rad8 15. Rc1 h6
16. h3 g5 17. Qd2 Ng6 18. Nd5 Qf7 19. Nxf6+ Bxf6 20. b5 d5 21. cxd5 Bxd5 22. e4
fxe4 23. fxe5 e3 24. Qxe3 Bxg2 25. Rxf6 Qb3 26. Rxg6+ Kh7 27. Rd6 Bd5 28. Rxd8
Rf3 29. Nd4 Qxb2 30. Nxf3 1-0

[Event "Vesterhav"]
[Site "Esbjerg"]
[Date "2008.07.17"]
[Round "9"]
[White "Evdokimov, Alexander A"]
[Black "Rasmussen, Karsten"]
[Result "1-0"]
[WhiteElo "2555"]
[BlackElo "2458"]
[PlyCount "109"]
[EventDate "2008.07.11"]
[EventType "swiss"]
[EventRounds "10"]
[EventCountry "DEN"]
[Source "ChessBase"]
[SourceDate "2008.09.01"]

1. e4 c6 2. Nc3 d5 3. Nf3 Bg4 4. h3 Bxf3 5. Qxf3 Nf6 6. d3 e6 7. Bd2 Nbd7 8. g4
Bb4 9. O-O-O d4 10. Ne2 Bxd2+ 11. Rxd2 e5 12. g5 Ng8 13. h4 Ne7 14. Bh3 Nc5 15.
Qg3 Qd6 16. f4 exf4 17. Qxf4 Qxf4 18. Nxf4 Ng6 19. Nxg6 hxg6 20. Rf2 Ke7 21.
Rf4 Ne6 22. Bxe6 fxe6 23. e5 Raf8 24. Rxd4 Rf2 25. Rb4 b6 26. Ra4 a5 27. Rc4 c5
28. Re4 Rhf8 29. Rhe1 Rh2 30. R1e2 Rh1+ 31. Kd2 Rh8 32. Kc3 R8xh4 33. Kc4 Rxe4+
34. dxe4 a4 35. a3 Rg1 36. Kb5 Rxg5 37. Kxa4 Kd7 38. Kb5 Kc7 39. Rf2 Rxe5 40.
Rf7+ Kd6 41. Kxb6 Rxe4 42. Rc7 e5 43. Rc6+ Kd5 44. Rxc5+ Kd4 45. a4 g5 46. a5
g4 47. a6 g3 48. Rc3 Rg4 49. Kb5 Rf4 50. Rd3+ Ke4 51. a7 Rf8 52. Rxg3 Kf4 53.
Rxg7 e4 54. Kc6 e3 55. Re7 1-0

[Event "Vesterhav"]
[Site "Esbjerg"]
[Date "2008.07.17"]
[Round "9"]
[White "Hansen, Ib Lynaes"]
[Black "Motzkus, Mikkel"]
[Result "1/2-1/2"]
[WhiteElo "1926"]
[BlackElo "1995"]
[PlyCount "102"]
[EventDate "2008.07.11"]
[EventType "swiss"]
[EventRounds "10"]
[EventCountry "DEN"]
[Source "ChessBase"]
[SourceDate "2008.09.01"]

1. e4 c6 2. d4 d5 3. Nd2 dxe4 4. Nxe4 Bf5 5. Ng3 Bg6 6. Nf3 Nd7 7. Bd3 Bxd3 8.
Qxd3 e6 9. Bf4 Qa5+ 10. c3 Ngf6 11. O-O Be7 12. Rfe1 O-O 13. Re2 b5 14. b3 Rac8
15. Nf5 Rfe8 16. Nxe7+ Rxe7 17. Rae1 Ree8 18. h3 Nd5 19. Bd2 Qxa2 20. c4 bxc4
21. bxc4 N5f6 22. Bc3 Qa6 23. Ra1 Qb7 24. Rb2 Qc7 25. Ba5 Qf4 26. Bd2 Qd6 27.
Bb4 c5 28. Bc3 cxd4 29. Qxd4 Qxd4 30. Bxd4 Rxc4 31. Rxa7 e5 32. Be3 e4 33. Nd4
Ne5 34. Nf5 Rc6 35. Ne7+ Kf8 36. Nxc6 Nxc6 37. Rc7 Ne5 38. Bc5+ Kg8 39. Rbb7
Nd5 40. Bd4 Nxc7 41. Rxc7 f6 42. Kf1 Nd3 43. g3 Rd8 44. Ba7 Nb4 45. Rc4 Nd5 46.
Rxe4 Kf7 47. Re1 Ra8 48. Bd4 Ra2 49. Re2 Rxe2 50. Kxe2 Ke6 51. Kf3 g6 1/2-1/2

[Event "Vesterhav"]
[Site "Esbjerg"]
[Date "2008.07.17"]
[Round "9"]
[White "Hansen, Rene Rauer"]
[Black "Oehmichen, Jan"]
[Result "1-0"]
[WhiteElo "2001"]
[BlackElo "1853"]
[PlyCount "57"]
[EventDate "2008.07.11"]
[EventType "swiss"]
[EventRounds "10"]
[EventCountry "DEN"]
[Source "ChessBase"]
[SourceDate "2008.09.01"]

1. e4 c5 2. Nf3 d6 3. d4 cxd4 4. Nxd4 Nf6 5. Nc3 a6 6. Bg5 e6 7. f4 Be7 8. Qf3
Nbd7 9. O-O-O Qc7 10. g4 b5 11. Bxf6 Bxf6 12. Bxb5 Bxd4 13. Bxd7+ Bxd7 14. Rxd4
Bc6 15. Rhd1 Rd8 16. Qd3 Ke7 17. f5 Rd7 18. Rf1 Qb7 19. fxe6 fxe6 20. Qg3 Qa7
21. Rfd1 Qc5 22. Qh4+ g5 23. Nd5+ exd5 24. Qxg5+ Ke8 25. exd5 Re7 26. Qh5+ Kf8
27. Rf1+ Kg8 28. Qg5+ Rg7 29. Qd8+ 1-0

[Event "Vesterhav"]
[Site "Esbjerg"]
[Date "2008.07.17"]
[Round "9"]
[White "Hasbo, Mikkel"]
[Black "Lindestrom, Amalie Heiring"]
[Result "1-0"]
[WhiteElo "1485"]
[BlackElo "1413"]
[PlyCount "85"]
[EventDate "2008.07.11"]
[EventType "swiss"]
[EventRounds "10"]
[EventCountry "DEN"]
[Source "ChessBase"]
[SourceDate "2008.09.01"]

1. e4 c5 2. f4 d6 3. Nf3 Nc6 4. Bc4 Nf6 5. Nc3 g6 6. O-O Bg7 7. d3 Bg4 8. Bb5
O-O 9. Bxc6 bxc6 10. h3 Bxf3 11. Qxf3 Rb8 12. f5 Qb6 13. Kh1 Nd7 14. Qg3 Ne5
15. Ne2 Qa6 16. a3 Nd7 17. Rb1 Rb6 18. c3 Rfb8 19. fxg6 hxg6 20. h4 Ne5 21. Rd1
Rb3 22. Qh3 Rxa3 23. h5 gxh5 24. Qg3 Ng6 25. Nf4 Be5 26. Rf1 Qc8 27. Bd2 Qg4
28. Qxg4 hxg4 29. Nxg6 Rab3 30. Nxe7+ Kg7 31. Nxc6 R8b7 32. Na5 Rxb2 33. Nxb7
Rxd2 34. Rbd1 Rb2 35. d4 Bxd4 36. cxd4 Rxb7 37. dxc5 dxc5 38. Rf4 Re7 39. Rxg4+
Kf6 40. Rd6+ Ke5 41. Rd5+ Ke6 42. Rxc5 Kd6 43. Ra5 1-0

[Event "Vesterhav"]
[Site "Esbjerg"]
[Date "2008.07.17"]
[Round "9"]
[White "Helledie, Anders"]
[Black "Amberger, Dieter"]
[Result "1-0"]
[WhiteElo "2223"]
[BlackElo "2110"]
[PlyCount "71"]
[EventDate "2008.07.11"]
[EventType "swiss"]
[EventRounds "10"]
[EventCountry "DEN"]
[Source "ChessBase"]
[SourceDate "2008.09.01"]

1. e4 c5 2. Nc3 Nc6 3. g3 g6 4. Bg2 Bg7 5. d3 d6 6. Be3 Rb8 7. Qd2 e6 8. Nge2
Nd4 9. O-O b5 10. Nc1 b4 11. Nd1 Bd7 12. c3 Nc6 13. Ne2 Qa5 14. Bf4 e5 15. Bg5
f6 16. Be3 Nge7 17. Bh6 O-O 18. Bxg7 Kxg7 19. Ne3 Rb7 20. Nc4 Qc7 21. f4 Na5
22. Ne3 Rfb8 23. c4 Nac6 24. h4 Nd4 25. Rf2 Rf8 26. g4 Rbb8 27. f5 Rf7 28. Ng3
Rg8 29. Raf1 gxf5 30. exf5 Bc6 31. g5 Kh8 32. Ng4 Bxg2 33. Rxg2 fxg5 34. Nh6
Rfg7 35. f6 Rg6 36. Nf7# 1-0

[Event "Vesterhav"]
[Site "Esbjerg"]
[Date "2008.07.17"]
[Round "9"]
[White "Hoffmann, Tobias Breinholt"]
[Black "Rendboe, John Filip"]
[Result "1/2-1/2"]
[WhiteElo "2034"]
[BlackElo "2234"]
[PlyCount "24"]
[EventDate "2008.07.11"]
[EventType "swiss"]
[EventRounds "10"]
[EventCountry "DEN"]
[Source "ChessBase"]
[SourceDate "2008.09.01"]

1. d4 d5 2. c4 e6 3. Nc3 Be7 4. cxd5 exd5 5. Bf4 c6 6. Qc2 Nf6 7. e3 Nbd7 8.
Bd3 O-O 9. h3 Re8 10. Nf3 Nf8 11. O-O Ne6 12. Bh2 Rb8 1/2-1/2

[Event "Vesterhav"]
[Site "Esbjerg"]
[Date "2008.07.17"]
[Round "9"]
[White "Holm, Sejer"]
[Black "Dyrgaard, Kristoffer"]
[Result "1/2-1/2"]
[WhiteElo "2240"]
[BlackElo "2173"]
[PlyCount "105"]
[EventDate "2008.07.11"]
[EventType "swiss"]
[EventRounds "10"]
[EventCountry "DEN"]
[Source "ChessBase"]
[SourceDate "2008.09.01"]

1. Nf3 Nf6 2. c4 g6 3. b4 Bg7 4. Bb2 O-O 5. e3 d6 6. d4 e5 7. Be2 exd4 8. Nxd4
Nc6 9. Nxc6 bxc6 10. Nd2 Re8 11. O-O Rb8 12. Bc3 Bd7 13. Bf3 Qc8 14. h3 a5 15.
a3 d5 16. Rc1 Bf5 17. Nb3 axb4 18. Bxb4 Be4 19. Bxe4 Rxe4 20. Nd2 Re8 21. Qc2
Rb7 22. Rfd1 Qe6 23. Qa4 Ne4 24. cxd5 cxd5 25. Nxe4 dxe4 26. Rc6 Qa2 27. Rxg6
Reb8 28. Ra6 Qe2 29. Re1 Qd3 30. Ra8 Be5 31. Rxb8+ Rxb8 32. Rd1 Qc4 33. Qa5 Re8
34. Qd5 Qc2 35. Qd7 Kg7 36. Qg4+ Kh8 37. Rf1 c5 38. Qd7 Rg8 39. Qd5 f6 40. Qxc5
Qe2 41. Qd5 Bh2+ 42. Kxh2 Qxf1 43. Qxe4 Qxf2 44. Bc3 Qg3+ 45. Kh1 Qd6 46. Qf3
Kg7 47. Qg4+ Kh6 48. Qf3 Kg7 49. e4 Qc6 50. Qg4+ Kh8 51. Qf3 Kg7 52. Qg4+ Kh8
53. Qf3 1/2-1/2

[Event "Vesterhav"]
[Site "Esbjerg"]
[Date "2008.07.17"]
[Round "9"]
[White "Husted, Peter"]
[Black "Jensen, Leif Haugaard"]
[Result "0-1"]
[WhiteElo "2149"]
[BlackElo "2010"]
[PlyCount "28"]
[EventDate "2008.07.11"]
[EventType "swiss"]
[EventRounds "10"]
[EventCountry "DEN"]
[Source "ChessBase"]
[SourceDate "2008.09.01"]

1. e4 e6 2. d4 d5 3. Nd2 dxe4 4. Nxe4 Nd7 5. Nf3 Ngf6 6. Nxf6+ Nxf6 7. Bd3 c5
8. Bg5 Be7 9. Qe2 O-O 10. O-O-O h6 11. Bh4 Nd5 12. dxc5 Bxh4 13. Qe4 Bg5+ 14.
Kb1 f5 0-1